Film flowing of nonlinear viscoelastic liquid on lateral surface of circular cylinder; Bulletin of the Tomsk Polytechnic University; Vol. 310, № 1

Podrobná bibliografie
Parent link:Bulletin of the Tomsk Polytechnic University/ Tomsk Polytechnic University (TPU).— , 2006-2007
Vol. 310, № 1.— 2007.— [P. 167-170]
Hlavní autor: Kozlobrodov А. N.
Shrnutí:Заглавие с титульного листа
Электронная версия печатной публикации
On the basis of V.N. Pokrovskiy's rheological model describing behaviour of filled polymer system the problem of film sintering of nonlinear viscoelastic liquid on lateral surface of vertical cylinder is considered. Mathematical problem statement, methods of its solution is presented, calculation results are discussed, factors influencing the film sintering process are analysed.
Jazyk:angličtina
Vydáno: 2007
Edice:Power engineering
Témata:
On-line přístup:http://www.lib.tpu.ru/fulltext/v/Bulletin_TPU/2007/v310eng/i1/42.pdf
Médium: Elektronický zdroj Kapitola
KOHA link:https://koha.lib.tpu.ru/cgi-bin/koha/opac-detail.pl?biblionumber=180944

MARC

LEADER 00000nla2a2200000 4500
001 180944
005 20231031170925.0
035 |a (RuTPU)RU\TPU\book\196152 
035 |a RU\TPU\book\196135 
090 |a 180944 
100 |a 20100531d2007 k y0rusy50 ca 
101 1 |a eng  |c rus 
102 |a RU 
135 |a drnn ---uucaa 
200 1 |a Film flowing of nonlinear viscoelastic liquid on lateral surface of circular cylinder  |b Electronic resource  |f А. N. Kozlobrodov 
203 |a Text  |c electronic 
215 |a 1 файл (713 Кб) 
225 1 |a Power engineering 
230 |a Электронные текстовые данные (1 файл : 713 Кб) 
300 |a Заглавие с титульного листа 
300 |a Электронная версия печатной публикации 
320 |a [Bibliography: p. 170 (8 titles)] 
330 |a On the basis of V.N. Pokrovskiy's rheological model describing behaviour of filled polymer system the problem of film sintering of nonlinear viscoelastic liquid on lateral surface of vertical cylinder is considered. Mathematical problem statement, methods of its solution is presented, calculation results are discussed, factors influencing the film sintering process are analysed. 
337 |a Adobe Reader 
461 1 |0 (RuTPU)RU\TPU\book\169973  |t Bulletin of the Tomsk Polytechnic University  |f Tomsk Polytechnic University (TPU)  |d 2006-2007 
463 1 |0 (RuTPU)RU\TPU\book\195457  |t Vol. 310, № 1  |v [P. 167-170]  |d 2007  |p 201 p. 
610 1 |a films 
610 1 |a viscoelastic liquids 
610 1 |a nonlinear liquids 
610 1 |a lateral surfaces 
610 1 |a circular cylinders 
610 1 |a Pokrovskiy's rheological model 
610 1 |a polymer systems 
610 1 |a vertical cylinders 
610 1 |a problems 
610 1 |a factors 
610 1 |a электронный ресурс 
675 |a 532.54:518.12:532.135  |v 3 
700 1 |a Kozlobrodov  |b А. N. 
801 1 |a RU  |b 63413507  |c 20090623  |g PSBO 
801 2 |a RU  |b 63413507  |c 20110331  |g PSBO 
856 4 |u http://www.lib.tpu.ru/fulltext/v/Bulletin_TPU/2007/v310eng/i1/42.pdf 
942 |c CF